000
00327nam a2200133 4500
008
191125s2018||||xo d
245
1
0
_a
Oskár Cepan a výtvarné umenie
250
_a
1.vydanie
260
_b
Slovart
_a
Bratislava
_c
2018
300
_a
667s.
020
_a
9788055630830
_c
23,66
041
1
_a
slo
044
_a
xo
_c
SK
999
_c
22813
_d
22813